Spell the Marvel Character #251 - Statistics

General Stats
  • This quiz has been taken 21 times
  • The average score is 6 of 8
Answer Stats
Picture Answer % Correct
Daredevil
100%
Red Hulk
100%
Iron Man
93%
Echo
79%
Galacta
64%
Redwing
50%
Night Thrasher
43%
Wave
29%
No matching quizzes found
Score Distribution
Percent of People with Each Score
Percentile by Number Answered
Your Score History
You have not taken this quiz